Elecciones y partidos políticos de Puerto Rico 1809-2000 / (Record no. 14632)

MARC details
000 -LEADER
campo de control de longitud fija 00531nam a2200193 4500
001 - NÚMERO DE CONTROL
campo de control 17584
005 - FECHA Y HORA DE LA ÚLTIMA TRANSACCIÓN
campo de control 20230410101823.0
008 - DATOS DE LONGITUD FIJA--INFORMACIÓN GENERAL
campo de control de longitud fija 060907n2003 dr spa
020 ## - NÚMERO INTERNACIONAL ESTÁNDAR DEL LIBRO
Número Internacional Estándar del Libro 0965018504
035 ## - NÚMERO DE CONTROL DEL SISTEMA
-- funglode17720
041 ## - CÓDIGO DE IDIOMA
Código de lengua del texto/banda sonora o título independiente ES
050 14 - SIGNATURA TOPOGRÁFICA DE LA BIBLIOTECA DEL CONGRESO
Número de clasificación 117 JL 1058 B361e 2003
100 ## - ENTRADA PRINCIPAL--NOMBRE DE PERSONA
Nombre de persona Bayron Toro, Fernando
245 1# - MENCIÓN DEL TÍTULO
Título Elecciones y partidos políticos de Puerto Rico 1809-2000 /
Mención de responsabilidad, etc. Fernando Bayron Toro
250 ## - MENCION DE EDICION
Mención de edición 6
260 ## - PUBLICACIÓN, DISTRIBUCIÓN, ETC.
Lugar de publicación, distribución, etc. Mayaguez :
Nombre del editor, distribuidor, etc. Editorial Isla,
Fecha de publicación, distribución, etc. 2003
300 ## - DESCRIPCIÓN FÍSICA
Extensión ix, 449 p.
942 ## - ELEMENTOS DE ENTRADA SECUNDARIOS (KOHA)
Fuente del sistema de clasificación o colocación Clasificación de Library of Congress
Tipo de ítem Koha
Holdings
Estatus retirado Estado de pérdida Fuente del sistema de clasificación o colocación Estado de daño No para préstamo Colección Biblioteca de origen Biblioteca actual Ubicación en estantería Fecha de adquisición Serial enumeration / chronology Signatura topográfica completa Código de barras Visto por última vez Tipo de ítem Koha
    Clasificación de Library of Congress     Recursos Regionales Biblioteca Juan Bosch Biblioteca Juan Bosch Recursos Regionales (2do. Piso) 23/10/2018 1 117 JL 1058 B361e 2003 00000015226 23/10/2018